| 000 | 00697nam a22002297a 4500 | ||
|---|---|---|---|
| 003 | KOHA_MİRAKIL | ||
| 005 | 20260428092731.0 | ||
| 008 | 260427b tu ||||| |||| 00| 0 tur d | ||
| 020 | _a9789755452937 | ||
| 040 |
_aTR-AnABB _btur _cTR-AnABB |
||
| 041 | _atur | ||
| 082 |
_a814.42 _bOZE 2024 |
||
| 100 | 1 | _aÖzer, Ahmet | |
| 245 | 1 | 0 |
_aTarih toplum siyaset üçgeninde insan / _cAhmet Özer |
| 246 | _aİnsan | ||
| 260 |
_aİstanbul : _btelos yayıncılık, _c2024 |
||
| 300 |
_a238 sayfa ; _c20 cm |
||
| 500 | _aYazar tarafından Prof Dr. Ruşen Keleş için imzalanmıştır. | ||
| 650 | 0 | 4 | _aTürk edebiyatı, deneme |
| 900 | _bCan ÇELIK | ||
| 942 |
_2ddc _cBK |
||
| 999 |
_c10351 _d10351 |
||